| 000 | 01021cam a22002894a 4500 | ||
|---|---|---|---|
| 999 |
_c9323 _d9323 |
||
| 001 | 51886493 | ||
| 003 | OCoLC | ||
| 005 | 20210112154335.0 | ||
| 008 | 030312s2003 laua b 000 0 eng | ||
| 010 | _a2003047752 | ||
| 020 | _a158229285X | ||
| 020 | _a9781582292854 | ||
| 035 | _a(OCoLC)51886493 | ||
| 040 |
_aDLC _cDLC _dIG# _dBAKER _dBTCTA _dBSC |
||
| 042 | _apcc | ||
| 092 |
_a231.7 _bE26g, 2003 |
||
| 100 | 1 |
_aEdwards, David, _d1962 June 16- |
|
| 245 | 1 | 4 |
_aThe God of yes : _bliving the life you were promised / _cDavid Edwards. |
| 260 |
_aWest Monroe, La. : _bHoward Pub., _cc2003. |
||
| 300 |
_axvii, 247 p. : _bill. ; _c23 cm. |
||
| 504 | _aIncludes bibliographical references (p. 247). | ||
| 650 | 0 | _aGod (Christianity) | |
| 650 | 0 |
_aChristian life _xBaptist authors. |
|
| 856 | 4 | 2 |
_3Publisher description _uhttp://www.loc.gov/catdir/enhancements/fy0705/2003047752-d.html |
| 856 | 4 | 2 |
_3Contributor biographical information _uhttp://www.loc.gov/catdir/enhancements/fy0901/2003047752-b.html |
| 942 |
_2ddc _cBK |
||